Development of Labor Productivity in the Countries of Eastern and Western Europe

Saved in:
Bibliographic Details
Main Author: Michňová, Mária, 1996-
Format: Book Chapter
Language:English
Subjects:
Tags: Add Tag
No Tags, Be the first to tag this record!

MARC

LEADER 00000naa$a2200000$$$4500
001 0284541
005 20240502074413.2
041 0 |a eng 
044 |a SK 
245 1 0 |a Development of Labor Productivity in the Countries of Eastern and Western Europe  |c Mária Michňová 
500 |a Abstrakt 
610 2 0 |a produktivita práce 
610 2 0 |a konkurencieschopnosť 
610 2 0 |a Európa 
100 1 |a Michňová, Mária, 1996-